Océano Compact: diccionario español-francés, francais- espagnol
Na minha lista:
| Formato: | Livro |
|---|---|
| Idioma: | espanhol francês |
| Publicado em: |
Barcelona
Océano
2007
|
| Assuntos: | |
| Tags: |
Adicionar Tag
Sem tags, seja o primeiro a adicionar uma tag!
|
MARC
| LEADER | 00000nam a2200000 a 4500 | ||
|---|---|---|---|
| 001 | UCH5100 | ||
| 003 | CL-VaPUC | ||
| 008 | 090924e20070000SP |||||||||||||||||spa|d | ||
| 020 | |a 9788449420238 | ||
| 041 | 0 | 7 | |a spa |2 CL-VaPUC |
| 041 | 0 | 7 | |a fre |2 CL-VaPUC |
| 082 | 0 | 4 | |a 443.61 |b OCE |2 21 |
| 245 | 1 | 0 | |a Océano Compact: diccionario español-francés, francais- espagnol |
| 300 | |a 10980000 | ||
| 942 | |c BK | ||
| 945 | |d 20090924 00:00:00 |a rbrito | ||
| 260 | |a Barcelona |b Océano |c 2007 | ||
| 650 | 7 | |a ESPAÑOL FRANCES DICCIONARIOS |2 CL-VaPUC |9 541253 | |
| 650 | 7 | |a FRANCES ESPAÑOL DICCIONARIOS |2 CL-VaPUC |9 541254 | |
| 583 | |a last modification |c 20090924 00:00:00 |k Rodrigo Vera | ||
| 999 | |c 336302 |d 336300 | ||
| 952 | |0 0 |1 0 |4 0 |6 443_610000000000000_OCE_2007 |7 0 |8 X |9 427348 |a BIBTEO |b BIBTEO |d 2019-11-22 |i 4602099 |o 443.61 OCE 2007 |p 4602099 |r 2025-01-17 |w 2019-11-22 |y BK_X |k ICR | ||